000 00347nam a2200145Ia 4500
005 20251222175927.0
008 251222s9999||||xx |||||||||||||| ||spa||
020 _a9781870069
082 _a861/P84
100 _aPrado Galán, Gilberto
245 0 _aHuellas de Salamandra
250 _a1ra.ed.
264 _bConacultura Ediciones
942 _cLIB
999 _c40885
_d40885